1722 1876 1053 1210 1508 1503 1979 1725 1503 1927 1253 1514 1666 1093 1166 1426 1838 1503 1554 1473 1534 1795 1884 1025 1798 1047 1336 1019 1524 1982 1271 1579 1710 1001 1795 1326 1451 1842 1641 1722 1818 1489 1330 1156 1621 1546 1545 1001 1206 1519 1478 1330 1967 1264 1038 1045 1755 1010 1042 1940 1304 1555 1610 1104 1560 1818 1468 1968 1319 1043 1216 1213 1624 1056 1391 1329 1481 1544 1441 1909 1271 1039 1874 1175 1238 1550 1307 1426 1989 1597 1478 1074 1811 1050 1267 1254 1685 1278 1300 BCNSPRNW ULIB Ver.6.0+V

เปลี่ยนเป็นภาษาไทย

Change to English
 แสดงรายละเอียดบรรณานุกรม
  กลับหน้าหลัก

Brief Record : Get Marc (ISO 2709) : E-mail record : QR code < ปิดหน้าต่าง
LEADER : 00000nam 2200000uu 4500
001    13399128005
003     ULIB
008    211222s2557||||th 000 0 tha d
020    ^a9786162796166
050  4 ^aHF5549.5.J63^bอ148ก^cล.8
100 0  ^aอธิวัฒน์ เจี่ยวิวรรธน์กุล
245 10 ^aสรรสาระองค์กรแห่งความสุข เล่ม 8 การพัฒนางานสร้างสุข /^cหัวหน้าโครงการ, อธิวัฒน์ เจี่ยวิวรรธน์กุล; ผู้เขียน, ลลิดา มาไพศาลทรัพย์ ... [และคนอื่น ๆ ]
250    ^aพิมพ์ครั้งที่ 1
260    ^aกรุงเทพฯ :^bมหาวิทยาลัยมหิดล,^c2557,
300    ^a116 หน้า :^bภาพประกอบ ;^c21 ซม
490 1  ^aสรรสาระองค์กรแห่งความสุข ;^vล.1
500    ^aผู้แต่ง, ทิพวัลย์ รามรง, สิทธิพร กล้าแข็ง, ศราวุธ ทาคำ
500    ^aสนับสนุนโดย สำนักงานกองทุนสนับสนุนการสร้างเสริมสุขภาพ
505 0  ^aคำนำ -- ย่างก้าวสู่การเป็น "องค์กรแห่งความสุข"บทเรียนการขับเคลื่อนองค์กรสุขภาวะจากสภาอุตสาหกรรมจังหวัดฉะเชิงเทรา /ลลิดา มาไพศาลทรัพย์ -- "ตรังโมเดล" การขับเคลื่อนโครงการ HappyWorkplace ด้วยวงจร PDCA แบบครบวงจร / ทิพวัลย์ รามรง -- HappyMoney หนึ่งความสุขสำคัญขององค์กร / สิทธิพร กล้าแข็ง --การศึกษาดูงานเพื่อพัฒนาองค์กรแห่งความสุข / ศราวุธ ทาคำ
650  0 ^aJob satisfaction
650  4 ^aความสุขในการทำงาน
650  4 ^aความพอใจในการทำงาน
650  4 ^aคุณภาพชีวิตการทำงาน
700 0  ^aทิพวัลย์ รามรง
700 0  ^aสิทธิพร กล้าแข็ง
700 0  ^aศราวุธ ทาคำ
710 2  ^aมหาวิทยาลัยมหิดล.^bสถาบันแห่งชาติเพื่อการพัฒนาเด็กและครอบครัว.^bโครงการพัฒนากลไกทางวิชาการเพื่อสนับสนุนงานสร้างเสริมสุขภาวะองค์กร
710 2  ^aมหาวิทยาลัยมหิดล.^bคณะสังคมศาสตร์และมนุษยศาสตร์
710 2  ^aสำนักงานกองทุนสนับสนุนการสร้างเสริมสุขภาพ
830  0 ^aสรรสาระองค์กรแห่งความสุข ;^vล.8
945    ^p0^l0^i008603
999    ^aประนอม เกษจรัล
รายการนี้ยังไม่มีแท็ก
คุณยังไม่ได้ล็อกอิน คุณสามารถมีกิจกรรมร่วมกับเว็บไซต์ได้ แต่ต้องล็อกอินก่อน ::
  ล็อกอิน

รายการสื่อสารสนเทศ

ลำดับที่ ประเภท เลขเรียก/บาร์โค้ด สถานที่ สถานะ
1. การศึกษาทั่วไป
หนังสือสำรอง
สถานะ=หนังสือสำรอง
HF5549.5.J63 อ148ก ล.8 ฉ.1 
  Barcode: 008603
ห้องสมุดวิทยาเขตสวรรค์ประชารักษ์
►หนังสือทั่วไป
บนชั้น

รายการใกล้เคียง
    ผู้แต่ง [อธิวัฒน์ เจี่ยวิวรรธน์กุล]

    หัวเรื่อง [Job satisfaction]
    หัวเรื่อง [ความสุขในการทำงาน]
    หัวเรื่อง [ความพอใจในการทำงาน]
    หัวเรื่อง [คุณภาพชีวิตการทำงาน]

BibComment


ยังไม่เคยถูกคอมเมนท์

คอมเมนท์ทรัพยากรรายการนี้
  คอมเมนท์: สรรสาระองค์กรแห่..


 Copyright 2026. Bcnsprnw @Library